[Event "FIDE World Cup"]
[Site "Khanty-Mansiysk"]
[Date "2005.12.03"]
[Round "3.1"]
[White "Sutovsky, Emil"]
[Black "Bacrot, Etienne"]
[Result "1/2-1/2"]
[WhiteElo "2654"]
[BlackElo "2725"]
[Annotator "Kritz,L"]
[PlyCount "122"]
[EventDate "2005.11.27"]
[EventType "k.o."]
[EventRounds "7"]
[EventCountry "RUS"]
[SourceTitle "CBM 111"]
[Source "ChessBase"]
[SourceDate "2006.04.04"]
[SourceVersion "1"]
[SourceVersionDate "2006.04.04"]
[SourceQuality "1"]

1. e4 {Mueller,Karsten} e5 2. Nf3 Nc6 3. Nc3 Nf6 4. Bb5 Nd4 {Dieser Zug hat
schon seit Jahren das frühere 4....Bb4 als Hauptvariante abgelöst.} (4... Bb4
5. O-O O-O 6. d3 d6 7. Bg5 Bxc3 8. bxc3 Qe7 (8... Ne7 9. Nh4 $1 Ng6 10. Nxg6
hxg6 11. f4 $14) 9. Re1 Nd8 10. d4 $14) 5. Bc4 (5. Ba4 c6 (5... Bc5 6. Nxe5 O-O
7. Nd3 Bb6 {führt zu Komplikationen, die laut Praxis in meisten Fällen zu
remislichen Stellungen führen}) (5... Nxf3+ 6. Qxf3 c6 7. d3 Be7 8. Bg5 d6 9.
h3 $14) 6. Nxe5 (6. d3 $6 b5 7. Bb3 Nxb3 8. axb3 d6 9. O-O Be7 $15 {Für das
Läuferpaar hat Weiß eigentlich nichts bekommen.}) (6. O-O Qa5 $1 7. Re1 d6 8.
h3 (8. Nxd4 $6 exd4 9. Nd5 Nd7 10. b4 Qxa4 11. Nc7+ Kd8 12. Nxa8 Be7 $17 {
Der Springer auf a8 wird bald gefangen und Weiß gerät in materiellen Rückstand.
}) 8... b5 9. Bb3 Nxb3 10. cxb3 Be7 $15) 6... d6 7. Nf3 (7. Nd3 b5 8. Bb3 a5 {
Schwarz spielt gegen den Läufer b3.} 9. a3 d5 $1 {Man muss nicht sofort auf b3
schlagen, das Nehmen kann auch warten.} (9... Nxb3 10. cxb3 d5 11. Qc2 $1 dxe4
12. Nxe4 $1 $13) 10. e5 Ne4 11. O-O Nc5 12. Nxc5 Bxc5 13. Kh1 (13. Ne2 $4 Bg4
$19) 13... O-O 14. Ne2 a4 $1 (14... Nxb3 15. cxb3 d4 16. d3 $13) 15. Ba2 f6 $1
16. exf6 Qxf6 $44) 7... Bg4 8. d3 d5 {Diese Stellung kam schon öfters vor.} 9.
exd5 (9. O-O dxe4 (9... Bd6 10. e5 Bc7 11. exf6 O-O $3 12. Nxd4 $1 Bxd1 13.
Rxd1 Qxf6 14. Nf3 Rfe8 $11) (9... b5 10. Bb3 b4 11. Nb1 dxe4 12. dxe4 Nxf3+ 13.
gxf3 Qxd1 14. Rxd1 Bxf3 15. Re1 Nd7 16. Bf4 Be7 17. Nd2 Bh5 18. Nc4 $14) 10.
Nxe4 Nxe4 11. Re1 Be7 12. Rxe4 Nxf3+ 13. gxf3 Bf5 14. Re5 Be6 15. Bb3 Bxb3 16.
axb3 O-O 17. Qe2 Bd6 $44 {Motylev - Grischuk (Moskau, 2001)}) (9. Be3 Nxf3+ 10.
gxf3 Bh5 11. exd5 (11. d4 $2 dxe4 $17) 11... Nxd5 $44) 9... Nxd5 10. O-O Be7 (
10... Nxc3 $5 11. bxc3 Nxf3+ 12. gxf3 Be6 13. Bb3 Bd6 14. Bxe6 fxe6 15. Qe2 Qf6
16. Re1 Kd7 $44) 11. Re1 O-O 12. Nxd5 cxd5 (12... Qxd5 13. Rxe7 Nxf3+ 14. gxf3
Bxf3 15. Qd2 (15. Qe1 Qd4 16. Re4 (16. Qe5 Qxa4 17. Qf4 Qxf4 18. Bxf4 Rfe8 19.
Rae1 Rxe7 20. Rxe7 b6 $11) 16... Rae8 $1 17. Bb3 Bxe4 18. dxe4 Rxe4 19. Qf1 (
19. Be3 Rg4+ 20. Kf1 Qe4 $15) 19... Rfe8 $15) 15... Rae8 16. Bb3 (16. Qg5 Qd4
17. Bb3 h6 18. Qg3 Rxe7 19. Qxf3 Re1+ $44) 16... Qd8 17. Rxe8 Rxe8 {/\Qh4} 18.
Bxf7+ $8 Kxf7 19. Qf4+ Qf6 20. Qxf6+ Kxf6 21. Be3 a6 $11 {Berkes - Gyimesi 
(Heviz, 2003)}) 13. c3 Bxf3 $5 $146 (13... Nxf3+ 14. gxf3 Bh5 15. Re5 Qd6 16.
d4 Qf6 17. Qd3 $1 $14 {Acs - Gelfand (Polen, 2003)}) 14. gxf3 Ne6 15. f4 (15.
d4 Bd6 $1 (15... Bg5 16. Re5 Bf4 17. Bxf4 Nxf4 $44) 16. f4 Qh4 $15) 15... d4
16. f5 Nc5 $44 {1/2-1/2 Rublevsky,S-Bacrot,E/Khanty Mansiysk 2005/CBM 111_01 
(34) Aufgrund des schwachen Königs kann Weiß diese Stellung kaum auf Gewinn
spielen.}) (5. Nxd4 {führt forciert zum Remis:} exd4 6. e5 dxc3 7. exf6 Qxf6 (
7... cxd2+ 8. Bxd2 Qxf6 9. O-O Be7 10. Re1 O-O 11. Bc3 $16 {Weiße Kompensation
ist mehr als ausreichend.}) 8. dxc3 Qe5+ 9. Qe2 Qxe2+ 10. Bxe2 d5 11. Bf4 c6
12. O-O-O Be6 $11) (5. Nxe5 {Ein seltener aber giftiger Zug} Qe7 6. f4 (6. Nf3
Nxb5 7. Nxb5 Qxe4+ 8. Qe2 Qxe2+ 9. Kxe2 Nd5 10. Re1 a6 11. Kf1+ Be7 12. Nbd4 d6
$11) 6... Nxb5 7. Nxb5 d6 8. Nf3 c6 (8... Qxe4+ 9. Kf2 Ng4+ 10. Kg3 Kd8 11. h3
Nf6 12. d3 Qg6+ 13. Kh2 $13) 9. Nc3 (9. Nxd6+ $4 Qxd6 10. e5 Qe7 $19) 9... Nxe4
10. O-O Nxc3 11. dxc3 Be6 12. Re1 Qf6 $11) (5. O-O Nxb5 6. Nxb5 c6 7. Nc3 d6 8.
d4 Qc7 $11) 5... d6 (5... Nxf3+ 6. gxf3 $1 (6. Qxf3 d6 7. d3 Be7 8. O-O Be6 $11
) 6... Bc5 (6... c6 7. d4 exd4 (7... d5 $2 8. exd5 Nxd5 (8... cxd5 9. Bb5+ Bd7
10. dxe5 Bxb5 11. Nxb5 Qa5+ 12. Nc3 Nd7 13. Qxd5 $16) 9. Nxd5 cxd5 10. Bb5+ Bd7
11. Bxd7+ Qxd7 12. dxe5 $14) 8. Qxd4 d5 $5 9. exd5 b5 (9... cxd5 10. Nxd5 Nxd5
11. Qxd5 $16) 10. Bb3 (10. Bd3 b4 11. Ne4 Nxd5 $13) (10. Nxb5 cxb5 11. Bxb5+
Bd7 12. Bxd7+ Nxd7 13. O-O Qf6 14. Re1+ Kd8 15. Qa4 Bd6 $17) 10... b4 11. Ne4
Nxd5 12. Bg5 (12. Rg1 $5) 12... f6 13. Bxd5 Qxd5 (13... cxd5 14. Nxf6+ gxf6 15.
Bxf6 $18) 14. Bxf6 $1 Qxd4 15. Bxd4 Be6 16. O-O-O Bd5 17. Rhe1 Kf7 $14) (6...
d6 $6 {Lässt die Durchführung des weißen Planes problemlos zu.} 7. d4 Be6 (7...
exd4 8. Qxd4 Bh3 9. Rg1 $16 {Weiß hat starke Initiative während Schwarz keinen
konkreten Entwicklungsplan besitzt.}) 8. d5 (8. Bxe6 $2 {wäre fehlerhaft} fxe6
9. dxe5 dxe5 $11 {nach Bd6-0-0 wird Schwarz über gutes Spiel auf der f-Linie
verfügen}) 8... Bd7 9. f4 exf4 10. Bxf4 $14 {Najer - Mamedyarov (Khanty
Mansiysk, 2005). Weiß hat Entwicklungsvorsprung und starkes Zentrum.}) 7. Rg1
O-O 8. d3 $14 {Weiß hat ebenfalls angenehmes Spiel, aber diese Stellung ist
zäher als die nach 6....d6}) (5... c6 6. Nxe5 (6. O-O b5 (6... d5 7. exd5 cxd5
8. Nxd4 dxc4 9. Nf3 e4 10. Re1 Bf5 11. Ng5 $14) 7. Bb3 (7. Be2 Nxf3+ 8. Bxf3
Bc5 $11) 7... Nxf3+ (7... d5 8. exd5 Nxb3 9. axb3 e4 10. Re1 $16) (7... d6 8.
Nxd4 exd4 9. Ne2 $14) 8. Qxf3 d6 $11) 6... d5 7. exd5 Bd6 (7... cxd5 8. Bb5+ $1
Nxb5 9. Nxb5 a6 10. Nd4 Bd6 11. Ndf3 $16) 8. Nf3 Nxf3+ 9. Qxf3 O-O 10. O-O (10.
h3 b5 11. Be2 b4 12. Ne4 Nxe4 13. Qxe4 cxd5 14. Qf3 Qc7 $44) 10... Ng4 11. g3
Ne5 12. Qe4 Bh3 $44) (5... Bc5 6. Nxe5 (6. d3 d6 $11) 6... Qe7 (6... d5 $5 7.
Bxd5 (7. Nxd5 Nxd5 8. O-O (8. Bxd5 Qg5 $17) (8. Qh5 g6 9. Nxg6 Nxc2+ 10. Kf1 (
10. Kd1 Bg4+ 11. Qxg4 Nde3+ 12. fxe3 Nxe3+ $19) 10... Qf6 $19) 8... Nf4 9. Nxf7
(9. Bxf7+ Kf8 $17) 9... Qe7 10. Nxh8 Bh3 $3 $19) 7... Nxd5 8. Nxd5 O-O 9. c3
Re8 $1 10. cxd4 Bxd4 11. O-O Rxe5 12. d3 c6 13. Nf4 Rb5 $44) 7. Nd3 (7. Nf3 d5
8. Bxd5 Bg4 9. d3 O-O-O 10. Be3 Nxd5 11. Nxd5 Rxd5 12. exd5 Re8 $44) 7... d5 8.
Bxd5 Nxd5 9. Nxd5 Qxe4+ 10. Ne3 Bd6 $44) 6. Nxd4 (6. Ng5 d5 $1 7. exd5 (7. Nxd5
Nxd5 8. Nxf7 Kxf7 9. c3 Ne6 10. Bxd5 c6 11. Bb3 Qf6 $17) 7... h6 8. Nf3 Bg4 9.
Be2 Bxf3 10. Bxf3 Bb4 $11 {Vallejo Pons - Kramnik (Monte Carlo, 2005)}) 6...
exd4 7. Nd5 Nd7 $1 {Es ist richtig den Springer nicht zu tauschen, denn die
weißen Figuren im Zentrum sind den Angriffen der schwarzen Bauern ausgesetzt.}
(7... Nxe4 $2 8. Qe2 f5 9. d3 c6 10. dxe4 cxd5 11. Bxd5 fxe4 12. Bxe4 $18) (
7... Be6 8. O-O (8. d3 $5 c6 (8... Nxd5 9. exd5 Bd7 10. O-O Be7 11. Qh5 $14) 9.
Nxf6+ Qxf6 10. Bb3 $14 {In solchen Stellungen steht Weiß grundsätzlich mit
kleinem Vorteil, da Schwarz dem Vorstoß f4-f5 (sofort oder nach der kurzen
Rochade) nichts entgegenzusetzen hat.}) 8... Nxe4 9. Re1 Nf6 (9... Nc5 10. b4
Nd7 11. Nf4 $16) 10. Nxf6+ Qxf6 11. Bxe6 fxe6 12. Qh5+ Kd8 13. Qb5 Rb8 14. c3
$44) (7... c6 8. Nxf6+ Qxf6 9. d3 Be7 10. O-O O-O 11. f4 $14) 8. O-O c6 9. Nf4
b5 10. Be2 (10. Bb3 $6 {Obwohl der Läufer auf b3 optisch aktiver steht, ist er
nur Angriffsobjekt für die schwarzen Figuren} Nc5 11. d3 (11. c3 d3 12. Qf3 Qf6
13. Qe3 Qg5 $1 $13) 11... Be7 12. Ne2 Bf6 13. c3 Nxb3 14. axb3 c5 15. cxd4 cxd4
16. Nf4 O-O 17. Nd5 Be6 $132) 10... g6 {Die Entwicklung des Läufers auf die
lange Diagonale bietet sich an, da Weiß in naher Zukunft c3 zu spielen plant,
wonach der Läufer auf g7 wesentlich mehr zu tun hat, als auf e7.} 11. c3 Bh6 {
Ein komischer Manöver, der wohl die Absicht hat, Weiß am Flügelangriff zu
hindern.} ({Nach sofortigem} 11... Bg7 {könnte Weiß mit} 12. a4 $1 {fortfahren,
wonach Schwarz nicht} a6 {spielen kann, da er nach} 13. axb5 cxb5 14. Bxb5 $16
{einen Bauer weniger hat. Wenn der weiße Bauer durch 11....Bh6 nach d3 gelockt
wird, kann Weiß diesen Plan nicht durchführen.}) 12. d3 Bg7 13. Qc2 (13. a4
dxc3 $1 (13... a6 14. cxd4 Bxd4 15. axb5 cxb5 16. Qb3 Bb7 (16... O-O $2 17. Qd5
Qb6 18. Qxa8 Bb7 19. Nd5 $18) 17. Be3 $16) 14. d4 (14. axb5 cxb2 15. Bxb2 Bxb2
16. bxc6 Nb6 $19) (14. bxc3 Bxc3 15. Rb1 b4 16. d4 O-O 17. Be3 a5 $17 {/\Ba6})
14... b4 (14... cxb2 15. Bxb2 b4 16. Qc2 Bb7 17. a5 a6 18. Ra4 $16) 15. bxc3
bxc3 16. Be3 O-O 17. Qc2 Qa5 18. Rfc1 c5 $132) (13. cxd4 Bxd4 14. Qc2 (14. Be3
Bxb2 15. Rb1 Bg7 16. d4 O-O 17. d5 Bb7 $132 18. dxc6 $6 Bxc6 19. Bxb5 Bxe4 $15)
14... Qb6 $1 {Weiß kann hier mit vernünftigen Mitteln nicht zu d4 kommen ->
schwarze Stellung ist in Ordnung.}) 13... dxc3 (13... Qb6 $5 14. Bg4 $1 O-O 15.
cxd4 Bxd4 16. Ne2 Bg7 17. d4 $14) 14. bxc3 O-O 15. d4 $14 {Mit seinem starken
Zentrum steht Weiß etwas besser.} Nb6 16. Be3 Bd7 17. Rfd1 Re8 18. Rab1 Rc8 19.
Bd3 a6 20. Ne2 c5 21. Qd2 Be6 22. d5 Bd7 23. Bg5 Qc7 24. h4 Na4 25. h5 Qa5 26.
Rbc1 b4 27. cxb4 cxb4 28. a3 Nb2 29. h6 Be5 30. axb4 Qa3 31. Bb1 Nxd1 32. Rxd1
Qb2 33. Qe3 Ba4 34. Rf1 Bb5 35. Bd3 Bxd3 36. Qxd3 Qxb4 37. f4 Bh8 38. e5 f6 39.
exf6 Qc4 40. Qxc4 Rxc4 41. Rb1 Rc7 42. Nd4 Rf7 43. Rb6 Bxf6 44. Bxf6 Rxf6 45.
Ne6 Ra8 46. Ng5 Rf5 47. Rxd6 Ra7 48. Ne6 a5 49. g4 Rf8 50. Nxf8 Kxf8 51. Re6
Kf7 52. Re2 a4 53. d6 a3 54. Kg2 g5 55. fxg5 Kg6 (55... a2 {Mueller,Karsten}
56. d7 Rxd7 57. Rxa2 Kg6 58. Ra5 Rd3 $11) 56. Rd2 {'?' Mueller,Karsten.} (56.
Re7 {Mueller,Karsten} Rxe7 (56... Ra8 $2 57. Rg7#) 57. dxe7 Kf7 58. g6+ hxg6
59. h7 a2 60. e8=Q+ Kxe8 61. h8=Q+ $18) 56... a2 57. d7 Ra8 58. d8=Q Rxd8 59.
Rxa2 Kxg5 60. Ra7 Kxh6 61. Kg3 Kg6 1/2-1/2

[Event "FIDE World Cup"]
[Site "Khanty-Mansiysk"]
[Date "2005.12.09"]
[Round "5.1"]
[White "Rublevsky, Sergei"]
[Black "Bacrot, Etienne"]
[Result "1/2-1/2"]
[WhiteElo "2652"]
[BlackElo "2725"]
[Annotator "Kritz,L"]
[PlyCount "67"]
[EventDate "2005.11.27"]
[EventType "k.o."]
[EventRounds "7"]
[EventCountry "RUS"]
[SourceTitle "CBM 111"]
[Source "ChessBase"]
[SourceDate "2006.04.04"]
[SourceVersion "1"]
[SourceVersionDate "2006.04.04"]
[SourceQuality "1"]

1. e4 e5 2. Nf3 Nc6 3. Nc3 Nf6 4. Bb5 Nd4 {Dieser Zug hat schon seit Jahren
das frühere 4....Bb4 als Hauptvariante abgelöst.} (4... Bb4 5. O-O O-O 6. d3 d6
7. Bg5 Bxc3 8. bxc3 Qe7 (8... Ne7 9. Nh4 $1 Ng6 10. Nxg6 hxg6 11. f4 $14) 9.
Re1 Nd8 10. d4 $14) 5. Ba4 (5. Bc4 {kommt letzte Zeit immer öfters vor} Nxf3+ (
5... d6 6. Ng5 (6. Nxd4 exd4 7. Nd5 Nd7 $11) 6... d5 $1 7. exd5 (7. Nxd5 Nxd5
8. Nxf7 Kxf7 9. c3 Ne6 10. Bxd5 c6 11. Bb3 Qf6 $17) 7... h6 8. Nf3 Bg4 9. Be2
Bxf3 10. Bxf3 Bb4 $11 {Vallejo Pons - Kramnik (Monte Carlo, 2005)}) (5... c6 6.
Nxe5 (6. O-O b5 (6... d5 7. exd5 cxd5 8. Nxd4 dxc4 9. Nf3 e4 10. Re1 Bf5 11.
Ng5 $14) 7. Bb3 (7. Be2 Nxf3+ 8. Bxf3 Bc5 $11) 7... Nxf3+ (7... d5 8. exd5 Nxb3
9. axb3 e4 10. Re1 $16) (7... d6 8. Nxd4 exd4 9. Ne2 $14) 8. Qxf3 d6 $11) 6...
d5 7. exd5 Bd6 (7... cxd5 8. Bb5+ $1 Nxb5 9. Nxb5 a6 10. Nd4 Bd6 11. Ndf3 $16)
8. Nf3 Nxf3+ 9. Qxf3 O-O 10. O-O (10. h3 b5 11. Be2 b4 12. Ne4 Nxe4 13. Qxe4
cxd5 14. Qf3 Qc7 $44) 10... Ng4 11. g3 Ne5 12. Qe4 Bh3 $44) (5... Bc5 6. Nxe5 (
6. d3 d6 $11) 6... Qe7 (6... d5 $5 7. Bxd5 (7. Nxd5 Nxd5 8. O-O (8. Bxd5 Qg5
$17) (8. Qh5 g6 9. Nxg6 Nxc2+ 10. Kf1 (10. Kd1 Bg4+ 11. Qxg4 Nde3+ 12. fxe3
Nxe3+ $19) 10... Qf6 $19) 8... Nf4 9. Nxf7 (9. Bxf7+ Kf8 $17) 9... Qe7 10. Nxh8
Bh3 $3 $19) 7... Nxd5 8. Nxd5 O-O 9. c3 Re8 $1 10. cxd4 Bxd4 11. O-O Rxe5 12.
d3 c6 13. Nf4 Rb5 $44) 7. Nd3 (7. Nf3 d5 8. Bxd5 Bg4 9. d3 O-O-O 10. Be3 Nxd5
11. Nxd5 Rxd5 12. exd5 Re8 $44) 7... d5 8. Bxd5 Nxd5 9. Nxd5 Qxe4+ 10. Ne3 Bd6
$44) 6. gxf3 $1 (6. Qxf3 d6 7. d3 Be7 8. O-O Be6 $11) 6... Bc5 (6... c6 7. d4
exd4 (7... d5 $2 8. exd5 Nxd5 (8... cxd5 9. Bb5+ Bd7 10. dxe5 Bxb5 11. Nxb5
Qa5+ 12. Nc3 Nd7 13. Qxd5 $16) 9. Nxd5 cxd5 10. Bb5+ Bd7 11. Bxd7+ Qxd7 12.
dxe5 $14) 8. Qxd4 d5 $5 9. exd5 b5 (9... cxd5 10. Nxd5 Nxd5 11. Qxd5 $16) 10.
Bb3 (10. Bd3 b4 11. Ne4 Nxd5 $13) (10. Nxb5 cxb5 11. Bxb5+ Bd7 12. Bxd7+ Nxd7
13. O-O Qf6 14. Re1+ Kd8 15. Qa4 Bd6 $17) 10... b4 11. Ne4 Nxd5 12. Bg5 (12.
Rg1 $5) 12... f6 13. Bxd5 Qxd5 (13... cxd5 14. Nxf6+ gxf6 15. Bxf6 $18) 14.
Bxf6 $1 Qxd4 15. Bxd4 Be6 16. O-O-O Bd5 17. Rhe1 Kf7 $14) (6... d6 $6 {Lässt
die Durchführung des weißen Planes problemlos zu.} 7. d4 Be6 (7... exd4 8. Qxd4
Bh3 9. Rg1 $16 {Weiß hat starke Initiative während Schwarz keinen konkreten
Entwicklungsplan besitzt.}) 8. d5 (8. Bxe6 $2 {wäre fehlerhaft} fxe6 9. dxe5
dxe5 $11 {nach Bd6-0-0 wird Schwarz über gutes Spiel auf der f-Linie verfügen})
8... Bd7 9. f4 exf4 10. Bxf4 $14 {Najer - Mamedyarov (Khanty Mansiysk, 2005).
Weiß hat Entwicklungsvorsprung und starkes Zentrum.}) 7. Rg1 O-O 8. d3 $14 {
Weiß hat ebenfalls angenehmes Spiel, aber diese Stellung ist zäher als die
nach 6....d6}) (5. Nxd4 {führt forciert zum Remis:} exd4 6. e5 dxc3 7. exf6
Qxf6 (7... cxd2+ 8. Bxd2 Qxf6 9. O-O Be7 10. Re1 O-O 11. Bc3 $16 {Weiße
Kompensation ist mehr als ausreichend.}) 8. dxc3 Qe5+ 9. Qe2 Qxe2+ 10. Bxe2 d5
11. Bf4 c6 12. O-O-O Be6 $11) (5. Nxe5 {Ein seltener aber giftiger Zug} Qe7 6.
f4 (6. Nf3 Nxb5 7. Nxb5 Qxe4+ 8. Qe2 Qxe2+ 9. Kxe2 Nd5 10. Re1 a6 11. Kf1+ Be7
12. Nbd4 d6 $11) 6... Nxb5 7. Nxb5 d6 8. Nf3 c6 (8... Qxe4+ 9. Kf2 Ng4+ 10. Kg3
Kd8 11. h3 Nf6 12. d3 Qg6+ 13. Kh2 $13) 9. Nc3 (9. Nxd6+ $4 Qxd6 10. e5 Qe7 $19
) 9... Nxe4 10. O-O Nxc3 11. dxc3 Be6 12. Re1 Qf6 $11) (5. O-O Nxb5 6. Nxb5 c6
7. Nc3 d6 8. d4 Qc7 $11) 5... c6 (5... Bc5 6. Nxe5 O-O 7. Nd3 Bb6 {führt zu
Komplikationen, die laut Praxis in meisten Fällen zu remislichen Stellungen
führen}) (5... Nxf3+ 6. Qxf3 c6 7. d3 Be7 8. Bg5 d6 9. h3 $14) 6. Nxe5 (6. d3
$6 b5 7. Bb3 Nxb3 8. axb3 d6 9. O-O Be7 $15 {Für das Läuferpaar hat Weiß
eigentlich nichts bekommen.}) (6. O-O Qa5 $1 7. Re1 d6 8. h3 (8. Nxd4 $6 exd4
9. Nd5 Nd7 10. b4 Qxa4 11. Nc7+ Kd8 12. Nxa8 Be7 $17 {Der Springer auf a8 wird
bald gefangen und Weiß gerät in materiellen Rückstand.}) 8... b5 9. Bb3 Nxb3
10. cxb3 Be7 $15) 6... d6 7. Nf3 (7. Nd3 b5 8. Bb3 a5 {Schwarz spielt gegen
den Läufer b3.} 9. a3 d5 $1 {Man muss nicht sofort auf b3 schlagen, das Nehmen
kann auch warten.} (9... Nxb3 10. cxb3 d5 11. Qc2 $1 dxe4 12. Nxe4 $1 $13) 10.
e5 Ne4 11. O-O Nc5 12. Nxc5 Bxc5 13. Kh1 (13. Ne2 $4 Bg4 $19) 13... O-O 14. Ne2
a4 $1 (14... Nxb3 15. cxb3 d4 16. d3 $13) 15. Ba2 f6 $1 16. exf6 Qxf6 $44) 7...
Bg4 8. d3 d5 {Diese Stellung kam schon öfters vor.} 9. exd5 (9. O-O dxe4 (9...
Bd6 10. e5 Bc7 11. exf6 O-O $3 12. Nxd4 $1 Bxd1 13. Rxd1 Qxf6 14. Nf3 Rfe8 $11)
(9... b5 10. Bb3 b4 11. Nb1 dxe4 12. dxe4 Nxf3+ 13. gxf3 Qxd1 14. Rxd1 Bxf3 15.
Re1 Nd7 16. Bf4 Be7 17. Nd2 Bh5 18. Nc4 $14) 10. Nxe4 Nxe4 11. Re1 Be7 12. Rxe4
Nxf3+ 13. gxf3 Bf5 14. Re5 Be6 15. Bb3 Bxb3 16. axb3 O-O 17. Qe2 Bd6 $44 {
Motylev - Grischuk (Moskau, 2001)}) (9. Be3 Nxf3+ 10. gxf3 Bh5 11. exd5 (11. d4
$2 dxe4 $17) 11... Nxd5 $44) 9... Nxd5 10. O-O Be7 (10... Nxc3 $5 11. bxc3
Nxf3+ 12. gxf3 Be6 13. Bb3 Bd6 14. Bxe6 fxe6 15. Qe2 Qf6 16. Re1 Kd7 $44) 11.
Re1 O-O 12. Nxd5 cxd5 (12... Qxd5 13. Rxe7 Nxf3+ 14. gxf3 Bxf3 15. Qd2 (15. Qe1
Qd4 16. Re4 (16. Qe5 Qxa4 17. Qf4 Qxf4 18. Bxf4 Rfe8 19. Rae1 Rxe7 20. Rxe7 b6
$11) 16... Rae8 $1 17. Bb3 Bxe4 18. dxe4 Rxe4 19. Qf1 (19. Be3 Rg4+ 20. Kf1 Qe4
$15) 19... Rfe8 $15) 15... Rae8 16. Bb3 (16. Qg5 Qd4 17. Bb3 h6 18. Qg3 Rxe7
19. Qxf3 Re1+ $44) 16... Qd8 17. Rxe8 Rxe8 {/\Qh4} 18. Bxf7+ $8 Kxf7 19. Qf4+
Qf6 20. Qxf6+ Kxf6 21. Be3 a6 $11 {Berkes - Gyimesi (Heviz, 2003)}) 13. c3 Bxf3
$5 $146 (13... Nxf3+ 14. gxf3 Bh5 15. Re5 Qd6 16. d4 Qf6 17. Qd3 $1 $14 {
Acs - Gelfand (Polen, 2003)}) 14. gxf3 Ne6 15. f4 (15. d4 Bd6 $1 (15... Bg5 16.
Re5 Bf4 17. Bxf4 Nxf4 $44) 16. f4 Qh4 $15) 15... d4 16. f5 Nc5 $44 {Aufgrund
des schwachen Königs kann Weiß diese Stellung kaum auf Gewinn spielen.} 17. Bc2
Re8 18. Qf3 Bf6 19. Rxe8+ Qxe8 20. Bd2 Qb5 21. Rb1 Qa5 22. Qd5 Rd8 23. b4 Rxd5
24. bxa5 dxc3 25. Be3 Bd4 26. Bxd4 Rxd4 27. Rb5 Nxd3 28. Rxb7 Kf8 29. Rxa7 Nb4
30. Bb3 c2 31. Bxc2 Nxc2 32. a6 Ra4 33. Rc7 Rxa6 34. Rxc2 1/2-1/2